| 000 | 00493nam a2200169Ia 4500 | ||
|---|---|---|---|
| 003 | GCL | ||
| 008 | 140319s9999 xx 000 0 eng d | ||
| 040 |
_aGCL / _cGCL |
||
| 082 | 0 | 4 |
_a756 _bM L |
| 100 | 1 | _aMARTHINDALE,MEREDITH | |
| 245 | 1 | 0 |
_aLILLA CABOT PERRY: AN AMERCON IMPRESSIONIST / _cMARTHINDALE,MEREDITH |
| 260 |
_a[S.N] : _bTHE NATIONAL MUSEUM OF WOSMIN IN THE ART ، _c1990 |
||
| 300 | _a164P | ||
| 650 | 0 | 4 | _aIMPRESSIONISTS |
| 650 | 0 | 4 | _aUNITED STATES - PAINTERS |
| 942 |
_2ddc _cBK |
||
| 999 |
_c12349 _d12349 |
||